000 00835nmm a2200265 a 4500
001 ocm000884647
003 TR-IsHL
005 20201028143847.0
008 141121s2013 tu tur
007 cr cn
020 _a9789754542202
035 _a884647
_b(N$T)
050 0 4 _aPL248.K633
_bA75 2013
090 0 4 _aPL248.K633
_bA75 2013
100 1 _aKoçak, Murat
245 1 0 _aAşk-ı Züleyha sabrı Yusuf
_h[electronic resource] /
_cMurat Koçak
260 _aİstanbul :
_bÇağrı Yayınları,
_c2013
300 _a163 p.
650 4 _aDil ve Edebiyat
650 4 _aLanguage and Literature
650 0 _aTürk romanı
650 0 _aTurkish fiction
650 7 _aLITERARY COLLECTIONS / Middle Eastern
_2bisacsh
856 4 0 _uhttp://search.ebscohost.com/login.aspx?direct=true&scope=site&db=e011xww&AN=884647
999 _c9123
_d9123